Γιατί η αγάπη ήταν φταίχτρα : εξι αγαπημένα παραμύθια απο τη Μικρά Ασία για μικρούς και μεγάλους
Αποθηκεύτηκε σε:
| Κύριος συγγραφέας: | |
|---|---|
| Μορφή: | Βιβλίο |
| Γλώσσα: | Greek |
| Δημοσίευση: |
Αθήνα :
Αγκυρα,
1999
|
| Θέματα: | |
| Ετικέτες: |
Προσθήκη ετικέτας
Δεν υπάρχουν, Καταχωρήστε ετικέτα πρώτοι!
|
MARC
| LEADER | 00000cam a2200000 i 4500 | ||
|---|---|---|---|
| 001 | 1/20037 | ||
| 008 | 051128s1999 gre d | ||
| 020 | |a 960-234-550-0 | ||
| 035 | |l 10081512 | ||
| 040 | |a GR-MY-UA |b gre |e aacr | ||
| 041 | 0 | |a gre | |
| 082 | 0 | |a 808.068 |2 (22) | |
| 100 | 1 | |a Χατζούδη - Τούντα, Ελένη. | |
| 245 | 1 | 0 | |a Γιατί η αγάπη ήταν φταίχτρα : |b εξι αγαπημένα παραμύθια απο τη Μικρά Ασία για μικρούς και μεγάλους / |c Ελένη Χατζούδη - Τούντα |
| 260 | |a Αθήνα : |b Αγκυρα, |c 1999 | ||
| 300 | |a 114 σ.; |b εικ.; |c 18 εκ. | ||
| 650 | 0 | 0 | |a Fairy tales |z Turkey, western. |
| 650 | 0 | 0 | |a Tales |z Turkey, western. |
| 650 | 0 | 0 | |a Children's stories. |
| 650 | 0 | 0 | |a Folk literature. |
| 852 | |a INST |b SAMOS |e 20051128 |h 808.068 ΧΑΤ |p 005300024898 |q 005300024898 |t BK |y 0 | ||
| 901 | |a BIBL3-2005-3 | ||
| 909 | |a Σ |b 114766 | ||
| 970 | |a ΚΟΣΙΕΡΗΣ |b ΧΡΗΣΤΟΣ |z 2005/11/28 | ||